[Event "Berlin Federation GM"]
[Site "Berlin"]
[Date "2025.03.01"]
[Round "7"]
[White "Lagunow, Raphael"]
[Black "Fromm, Marius"]
[Result "1/2-1/2"]
[WhiteElo "2440"]
[BlackElo "2453"]
[PlyCount "90"]
[EventDate "2025.02.24"]
[EventType "tourn"]
[EventRounds "9"]
[EventCountry "GER"]
[EventCategory "8"]
[SourceTitle "CB10_2025"]
[SourceDate "2025.03.05"]
[SourceVersion "1"]
[SourceVersionDate "2025.03.05"]
[SourceQuality "1"]

1. d4 Nf6 2. c4 e6 3. g3 d5 4. Nf3 Be7 5. Bg2 0-0 6. 0-0 dxc4 7. Na3 Bxa3 8. bxa3 Bd7 9. a4 Bc6 10. Ba3 Re8 11. Rc1 Bd5 12. Ne5 Bxg2 13. Kxg2 Nc6 14. Nxc6 Qd5+ 15. f3 Qxc6 16. Qc2 Nd5 17. Kf2 f5 18. Qxc4 Qd7 19. Qb3 a5 20. Rfd1 c6 21. e4 Nf6 22. e5 Nd5 23. Rb1 b6 24. Rdc1 Rac8 25. f4 h6 26. Rb2 Kh7 27. h4 g5 28. hxg5 hxg5 29. Rh1+ Kg6 30. fxg5 Rh8 31. Qf3 Qg7 32. Rbb1 Rxh1 33. Rxh1 Rh8 34. Bc1 Rxh1 35. Qxh1 Qh7 36. Qxh7+ Kxh7 37. Bd2 Kg6 38. Kf3 Kh5 39. a3 Ne7 40. Kf4 Nd5+ 41. Kf3 Ne7 42. Kf4 Ng6+ 43. Kf3 Nf8 44. Kf4 Ng6+ 45. Kf3 Ne7 1/2-1/2

[Event "Berlin Federation GM"]
[Site "Berlin"]
[Date "2025.02.27"]
[Round "5"]
[White "Lagunow, Raphael"]
[Black "Schmidek, Emil"]
[Result "1-0"]
[WhiteElo "2440"]
[BlackElo "2436"]
[PlyCount "143"]
[EventDate "2025.02.24"]
[EventType "tourn"]
[EventRounds "9"]
[EventCountry "GER"]
[EventCategory "8"]
[SourceTitle "CB10_2025"]
[SourceDate "2025.03.05"]
[SourceVersion "1"]
[SourceVersionDate "2025.03.05"]
[SourceQuality "1"]

1. e4 c6 2. d4 d5 3. e5 Bf5 4. Nd2 e6 5. Nb3 Nd7 6. Nf3 Ne7 7. Be2 h6 8. 0-0 g5 9. a4 Bg7 10. Bd2 a5 11. c3 0-0 12. Ne1 f6 13. f4 gxf4 14. exf6 Nxf6 15. Bxf4 Ng6 16. Be3 Qc7 17. Nd3 Rae8 18. Qd2 Kh7 19. Rae1 Ng4 20. Bf4 Nxf4 21. Rxf4 Nf6 22. Rh4 b6 23. Qe3 Ng8 24. Bh5 Bf6 25. Rf4 Re7 26. g4 Rg7 27. Kh1 Bxd3 28. Qxd3+ Kh8 29. Qf3 Qd6 30. Nc1 Rc7 31. Nd3 Rcc8 32. Rf1 Bg7 33. Bf7 Rc7 34. Qe3 Re7 35. Ne5 Bxe5 36. dxe5 Qc7 37. Bxg8 Rxg8 38. Rf6 Rh7 39. Rxe6 Qg7 40. h3 h5 41. g5 Qxg5 42. Qxg5 Rxg5 43. Rf8+ Rg8 44. Rxg8+ Kxg8 45. Rxc6 Rb7 46. e6 Kf8 47. Kg2 Ke7 48. Kf3 b5 49. b3 bxa4 50. bxa4 Rb3 51. Ke3 Ra3 52. Kd4 Rxa4+ 53. Kxd5 Ra1 54. Rc7+ Ke8 55. Rh7 a4 56. Rxh5 a3 57. Rh8+ Ke7 58. Rh7+ Kf6 59. Rf7+ Kg6 60. Ra7 a2 61. Kc4 Kf6 62. e7 Kf7 63. Kb3 Rh1 64. Kxa2 Rxh3 65. Kb3 Rh1 66. Kb4 Rb1+ 67. Kc5 Rb8 68. Kd6 Rc8 69. c4 Rxc4 70. Ra8 Rd4+ 71. Ke5 Re4+ 72. Kxe4 1-0

[Event "Berlin Federation GM"]
[Site "Berlin"]
[Date "2025.02.25"]
[Round "2"]
[White "Dotzer, Lukas"]
[Black "Lagunow, Raphael"]
[Result "1-0"]
[WhiteElo "2413"]
[BlackElo "2440"]
[PlyCount "61"]
[EventDate "2025.02.24"]
[EventType "tourn"]
[EventRounds "9"]
[EventCountry "GER"]
[EventCategory "8"]
[SourceTitle "CB10_2025"]
[SourceDate "2025.03.05"]
[SourceVersion "1"]
[SourceVersionDate "2025.03.05"]
[SourceQuality "1"]

1. e4 c6 2. d4 d5 3. e5 Bf5 4. h4 h5 5. Bd3 Bxd3 6. Qxd3 e6 7. Nf3 Qa5+ 8. Nbd2 Qa6 9. c4 Ne7 10. 0-0 Nf5 11. b3 Be7 12. a4 Nd7 13. Ba3 Bxa3 14. Rxa3 Rd8 15. Rb1 0-0 16. b4 dxc4 17. Nxc4 b6 18. Ng5 Nc5 19. Qc2 Rxd4 20. Nd6 Nd7 21. Nxf5 exf5 22. e6 Nf6 23. exf7+ Kh8 24. Qxf5 Qe2 25. Re3 Rd1+ 26. Rxd1 Qxd1+ 27. Kh2 Qd6+ 28. f4 Ng4+ 29. Kg3 g6 30. Qc2 Qf6 31. Re8 1-0

[Event "Berlin Federation GM"]
[Site "Berlin"]
[Date "2025.02.25"]
[Round "3"]
[White "Lagunow, Raphael"]
[Black "Vavulin, Maksim"]
[Result "0-1"]
[WhiteElo "2440"]
[BlackElo "2543"]
[PlyCount "92"]
[EventDate "2025.02.24"]
[EventType "tourn"]
[EventRounds "9"]
[EventCountry "GER"]
[EventCategory "8"]
[SourceTitle "CB10_2025"]
[SourceDate "2025.03.05"]
[SourceVersion "1"]
[SourceVersionDate "2025.03.05"]
[SourceQuality "1"]

1. d4 g6 2. Nf3 Bg7 3. g3 b5 4. a4 b4 5. a5 Nf6 6. Bg2 Bb7 7. 0-0 0-0 8. Nbd2 Na6 9. Nb3 Qc8 10. Bd2 Ne4 11. Be1 c5 12. c3 c4 13. Nc1 b3 14. Nd2 Nxd2 15. Bxd2 Bxg2 16. Kxg2 Qc6+ 17. f3 d5 18. e3 f6 19. Ne2 e5 20. g4 f5 21. Qe1 fxg4 22. fxg4 Rxf1 23. Qxf1 Rf8 24. Qd1 Qf6 25. Ng3 Qf2+ 26. Kh1 Bh6 27. Qe2 Qxe2 28. Nxe2 Rf3 29. Kg2 e4 30. Ng1 Bxe3 31. Bxe3 Rxe3 32. Kf2 Rd3 33. Ke2 Nc7 34. Rf1 Kg7 35. g5 Nb5 36. Ke1 h6 37. gxh6+ Kxh6 38. Ne2 Rf3 39. Rxf3 exf3 40. Ng1 Nxc3 41. Nxf3 Na4 42. Kd2 Nxb2 43. Ne5 Na4 44. Ng4+ Kg5 45. Ne3 c3+ 46. Kc1 Nb2 0-1

[Event "Berlin Federation GM"]
[Site "Berlin"]
[Date "2025.02.24"]
[Round "1"]
[White "Lagunow, Raphael"]
[Black "Sawlin, Leonid"]
[Result "1/2-1/2"]
[WhiteElo "2440"]
[BlackElo "2400"]
[PlyCount "46"]
[EventDate "2025.02.24"]
[EventType "tourn"]
[EventRounds "9"]
[EventCountry "GER"]
[EventCategory "8"]
[SourceTitle "CB10_2025"]
[SourceDate "2025.03.05"]
[SourceVersion "1"]
[SourceVersionDate "2025.03.05"]
[SourceQuality "1"]

1. e4 e5 2. Nf3 Nc6 3. d4 exd4 4. Nxd4 Nf6 5. Nxc6 bxc6 6. e5 Qe7 7. Qe2 Nd5 8. c4 Ba6 9. b3 g6 10. Bb2 Bg7 11. g3 0-0 12. Bg2 Rae8 13. 0-0 Bxe5 14. Qxe5 Qxe5 15. Bxe5 Rxe5 16. cxd5 Bxf1 17. Kxf1 cxd5 18. Nc3 c6 19. Rd1 a5 20. Na4 Ra8 21. Nc5 Ra7 22. Rd4 Kf8 23. Ra4 Re8 1/2-1/2

[Event "GER-ch 95th"]
[Site "Ostfildern"]
[Date "2024.08.25"]
[Round "9"]
[White "Lagunow, Raphael"]
[Black "Kuegel, Tobias"]
[Result "0-1"]
[WhiteElo "2440"]
[BlackElo "2419"]
[PlyCount "84"]
[EventDate "2024.08.19"]
[EventType "swiss"]
[EventRounds "9"]
[EventCountry "GER"]
[SourceTitle "CBM 221 Extra"]
[Source "ChessBase"]
[SourceDate "2024.09.30"]
[SourceVersion "1"]
[SourceVersionDate "2024.09.30"]
[SourceQuality "1"]

1. d4 d5 2. c4 e6 3. Nf3 Nf6 4. g3 Be7 5. Bg2 0-0 6. 0-0 dxc4 7. Qc2 a6 8. a4 Bd7 9. Qxc4 Bc6 10. Bg5 Bd5 11. Qc2 Be4 12. Qc1 Nc6 13. Nbd2 Nxd4 14. Nxd4 Bxg2 15. Nxe6 Qd6 16. Nxf8 Bxf1 17. Nxh7 Bxe2 18. Nxf6+ Bxf6 19. Ne4 Bxg5 20. Qxg5 Qd4 21. Nc3 Bf3 22. Qe3 Qxe3 23. fxe3 Rd8 24. Rf1 Bc6 25. a5 Rd3 26. e4 Rd4 27. Re1 Rd2 28. Re2 Rxe2 29. Nxe2 Bxe4 30. Kf2 b6 31. Ke3 Bb7 32. axb6 cxb6 33. Kd4 Kf8 34. Nc3 Ke7 35. Na4 b5 36. Nc5 Bc8 37. Kd5 g5 38. b4 Be6+ 39. Nxe6 fxe6+ 40. Ke5 g4 41. Kf4 Kd6 42. Kxg4 a5 0-1

[Event "GER-ch 95th"]
[Site "Ostfildern"]
[Date "2024.08.22"]
[Round "5"]
[White "Heinrich, John"]
[Black "Lagunow, Raphael"]
[Result "0-1"]
[WhiteElo "2257"]
[BlackElo "2440"]
[PlyCount "84"]
[EventDate "2024.08.19"]
[EventType "swiss"]
[EventRounds "9"]
[EventCountry "GER"]
[SourceTitle "CBM 221 Extra"]
[Source "ChessBase"]
[SourceDate "2024.09.30"]
[SourceVersion "1"]
[SourceVersionDate "2024.09.30"]
[SourceQuality "1"]

1. Nf3 d5 2. c4 c6 3. g3 Nf6 4. Bg2 dxc4 5. Qc2 b5 6. a4 Bb7 7. b3 cxb3 8. Qxb3 a6 9. Ba3 Nbd7 10. 0-0 e6 11. Bxf8 Nxf8 12. Rc1 N8d7 13. d4 0-0 14. Nbd2 Rb8 15. e4 Qb6 16. e5 Nd5 17. Ne4 h6 18. a5 Qa7 19. Nc5 Rfd8 20. Nd2 Nxc5 21. Rxc5 Ne7 22. Qb4 Rd7 23. Nb3 Rbd8 24. Rd1 Qb8 25. Be4 Nd5 26. Qd2 Ba8 27. Bc2 b4 28. Qd3 g6 29. Rd2 Nc3 30. Qe3 Kg7 31. h4 h5 32. Qf4 Rg8 33. Qf6+ Kf8 34. Rc4 c5 35. Nxc5 Re7 36. Bb3 Bd5 37. Nxa6 Qb7 38. Nc5 Qb5 39. Rxc3 bxc3 40. Rc2 Bxb3 41. Rxc3 Bd5 42. Kh2 Qb1 0-1

[Event "GER-ch 95th"]
[Site "Ostfildern"]
[Date "2024.08.19"]
[Round "1"]
[White "Keyser, Robin"]
[Black "Lagunow, Raphael"]
[Result "0-1"]
[WhiteElo "2229"]
[BlackElo "2440"]
[PlyCount "132"]
[EventDate "2024.08.19"]
[EventType "swiss"]
[EventRounds "9"]
[EventCountry "GER"]
[SourceTitle "CBM 221 Extra"]
[Source "ChessBase"]
[SourceDate "2024.09.30"]
[SourceVersion "1"]
[SourceVersionDate "2024.09.30"]
[SourceQuality "1"]

1. d4 d5 2. c4 e6 3. Nf3 Nf6 4. g3 dxc4 5. Bg2 Nbd7 6. 0-0 Rb8 7. a4 a6 8. a5 Bd6 9. Nbd2 b5 10. axb6 Nxb6 11. Nxc4 Nxc4 12. Qa4+ Rb5 13. Qxc4 0-0 14. Rd1 Bb7 15. Ne1 Qc8 16. Bxb7 Qxb7 17. Nd3 Rd8 18. Bd2 h5 19. Nc5 Bxc5 20. dxc5 Rxb2 21. Bc3 Rxd1+ 22. Rxd1 Rb1 23. Qd3 Rxd1+ 24. Qxd1 Ne4 25. Be5 Nxc5 26. Bxg7 Kxg7 27. Qd4+ Kg6 28. Qxc5 Qb1+ 29. Kg2 Qe4+ 30. Kg1 Qxe2 31. h4 Qd1+ 32. Kh2 Qd2 33. Kg1 a5 34. Qxc7 a4 35. Qc4 a3 36. Qe4+ Kg7 37. Qe5+ Kg8 38. Qb8+ Kg7 39. Qe5+ f6 40. Qxe6 a2 41. Qe7+ Kg6 42. Qe8+ Kf5 43. Qxh5+ Ke4 44. Qg6+ Ke5 45. Qe8+ Kd4 46. Qa4+ Kd3 47. Qa6+ Kc3 48. Qa5+ Kd3 49. Qa6+ Ke4 50. Qc6+ Qd5 51. Qc2+ Ke5 52. Qb2+ Ke6 53. Kh2 Kf7 54. Qc3 Qa8 55. Qc4+ Kf8 56. Qb4+ Ke8 57. Qb5+ Ke7 58. Qc5+ Ke6 59. Qc4+ Qd5 60. Qe2+ Kf7 61. Qb2 Qa5 62. Qb7+ Kf8 63. Qc8+ Kg7 64. Qg4+ Kh8 65. Qc8+ Kh7 66. Qd7+ Kh6 0-1

[Event "Berlin-ch"]
[Site "Berlin"]
[Date "2024.04.07"]
[Round "9"]
[White "Lagunow, Raphael"]
[Black "Foerster, Jonas"]
[Result "1-0"]
[WhiteElo "2421"]
[BlackElo "2238"]
[PlyCount "95"]
[EventDate "2024.03.30"]
[EventType "swiss"]
[EventRounds "9"]
[EventCountry "GER"]
[SourceTitle "CBM 219 Extra"]
[Source "ChessBase"]
[SourceDate "2024.05.31"]
[SourceVersion "1"]
[SourceVersionDate "2024.05.31"]
[SourceQuality "1"]

1. d4 Nf6 2. c4 e6 3. g3 c5 4. d5 exd5 5. cxd5 d6 6. Nc3 g6 7. Bg2 Bg7 8. Nf3 0-0 9. 0-0 a6 10. a4 Re8 11. Nd2 Nbd7 12. a5 b5 13. axb6 Nxb6 14. Qc2 Bd7 15. h3 Bb5 16. Re1 h6 17. Ra2 Qc7 18. b3 Rab8 19. Bb2 Nbd7 20. e4 Nh5 21. Kh2 Rec8 22. f4 c4 23. b4 Qb6 24. Nf3 Re8 25. Bc1 Qc7 26. g4 Nhf6 27. Be3 g5 28. fxg5 hxg5 29. Bxg5 Nh7 30. Be3 Ne5 31. Nd4 Nd3 32. Ncxb5 axb5 33. Rb1 Be5+ 34. Kg1 Rb7 35. Nc6 Bg7 36. g5 f5 37. Rf1 fxe4 38. Qe2 Qd7 39. Qh5 Rf8 40. Rxf8+ Nxf8 41. Ra8 Qf5 42. Re8 Ne5 43. Nd4 Qf7 44. Qxf7+ Kxf7 45. Rc8 c3 46. Nf5 Rd7 47. Nxg7 Kxg7 48. Bxe4 1-0

[Event "BL2-Nord 2324"]
[Site "Germany"]
[Date "2024.03.16"]
[Round "9.2"]
[White "Lagunow, Raphael"]
[Black "Gentemann, Moritz"]
[Result "1-0"]
[WhiteElo "2425"]
[BlackElo "2261"]
[PlyCount "103"]
[EventDate "2023.10.21"]
[EventType "team-tourn"]
[EventRounds "10"]
[EventCountry "GER"]
[SourceTitle "EXT 2025"]
[Source "ChessBase"]
[SourceDate "2024.10.14"]
[SourceVersion "1"]
[SourceVersionDate "2024.10.14"]
[SourceQuality "1"]
[WhiteTeam "Zehlendorf"]
[BlackTeam "Lister Turm II"]
[WhiteTeamCountry "GER"]
[BlackTeamCountry "GER"]

1. e4 c5 2. Nf3 d6 3. d4 cxd4 4. Nxd4 Nf6 5. Nc3 a6 6. Rg1 e5 7. Nb3 Be6 8. g4 d5 9. exd5 Nxd5 10. Nxd5 Qxd5 11. Qxd5 Bxd5 12. Be3 Nc6 13. c3 0-0-0 14. Nd2 Kb8 15. Bc4 Be7 16. Ke2 h6 17. Bxd5 Rxd5 18. Ne4 Kc7 19. Rg3 Nd8 20. Rf3 Rf8 21. b4 Ne6 22. Rd1 Rxd1 23. Kxd1 Bg5 24. Kc2 Bxe3 25. fxe3 Ng5 26. Nxg5 hxg5 27. e4 Kd6 28. c4 Ke6 29. c5 Kd7 30. Kb3 Kc6 31. Rd3 Rh8 32. h3 Rh6 33. Rf3 f6 34. Kc4 Rh8 35. Rd3 Kc7 36. a4 g6 37. b5 f5 38. b6+ Kc8 39. gxf5 gxf5 40. exf5 e4 41. Re3 Rf8 42. Rxe4 Rxf5 43. Re8+ Kd7 44. Rb8 Rf4+ 45. Kd5 Rf5+ 46. Kd4 Ke6 47. Rxb7 Rf4+ 48. Kc3 Kd5 49. Rc7 a5 50. b7 Rf3+ 51. Kd2 Rb3 52. c6 1-0

[Event "BL2-Nord 2324"]
[Site "Germany"]
[Date "2023.12.03"]
[Round "4.2"]
[White "Lagunow, Raphael"]
[Black "Pajeken, Jakob Leon"]
[Result "1/2-1/2"]
[WhiteElo "2425"]
[BlackElo "2416"]
[PlyCount "119"]
[EventDate "2023.10.21"]
[EventType "team-tourn"]
[EventRounds "10"]
[EventCountry "GER"]
[SourceTitle "EXT 2025"]
[Source "ChessBase"]
[SourceDate "2024.10.14"]
[SourceVersion "1"]
[SourceVersionDate "2024.10.14"]
[SourceQuality "1"]
[WhiteTeam "Zehlendorf"]
[BlackTeam "Kiel Turm II"]
[WhiteTeamCountry "GER"]
[BlackTeamCountry "GER"]

1. e4 e5 2. f4 exf4 3. Nf3 Nf6 4. e5 Nh5 5. d4 d5 6. c4 c6 7. Nc3 Be6 8. Be2 dxc4 9. 0-0 Be7 10. b3 cxb3 11. axb3 Nd7 12. d5 Bc5+ 13. Nd4 Bxd5 14. Nxd5 Nxe5 15. b4 f3 16. bxc5 fxe2 17. Nxe2 cxd5 18. Rf5 Qe7 19. Rxh5 Qxc5+ 20. Nd4 Nc4 21. Qe2+ Qe7 22. Rxd5 Qxe2 23. Nxe2 0-0 24. Rc5 Nb6 25. Rc7 Rfe8 26. Kf2 Rac8 27. Rxb7 Rc2 28. Be3 Nd5 29. Rb3 f5 30. Rc1 Ra2 31. Re1 a5 32. Bc1 Nb4 33. Kf1 Nc2 34. Rd1 a4 35. Rc3 Nb4 36. Rd2 Ra1 37. Ra3 Rxa3 38. Bxa3 Nc6 39. Rd6 Ne5 40. Rd4 Ng4 41. h3 Ne3+ 42. Kf2 Nxg2 43. Ng3 Ne3 44. Rxa4 g6 45. Bc5 Nd5 46. Kf3 Rb8 47. Ra3 h6 48. Ne2 Nf6 49. Bd4 Ne4 50. Nf4 g5 51. Nd5 Kf7 52. Ne3 g4+ 53. Kf4 gxh3 54. Nxf5 h2 55. Ra1 Ng5 56. Rh1 Ne6+ 57. Ke4 Nxd4 58. Nxd4 Rb2 59. Nf3 Ke6 60. Rxh2 1/2-1/2

[Event "Qatar Masters op"]
[Site "Doha"]
[Date "2023.10.14"]
[Round "4"]
[White "Lagunow, Raphael"]
[Black "Tissir, Mohamed"]
[Result "1-0"]
[WhiteElo "2425"]
[BlackElo "2344"]
[PlyCount "119"]
[EventDate "2023.10.11"]
[EventType "swiss"]
[EventRounds "9"]
[EventCountry "QAT"]
[SourceTitle "EXT 2025"]
[Source "ChessBase"]
[SourceDate "2024.10.14"]
[SourceVersion "1"]
[SourceVersionDate "2024.10.14"]
[SourceQuality "1"]

1. e4 c5 2. Nf3 e6 3. d4 cxd4 4. Nxd4 Nc6 5. Nc3 d6 6. g4 h6 7. Rg1 Be7 8. Be3 a6 9. Qd2 Bd7 10. 0-0-0 Rc8 11. f4 b5 12. Bxb5 axb5 13. Ndxb5 Na5 14. Nxd6+ Bxd6 15. Qxd6 Nc4 16. Qd4 e5 17. fxe5 Nxe3 18. Qxe3 Qg5 19. Nd5 Ne7 20. Rd2 Qxe3 21. Nxe3 Ng6 22. Nf5 Bxf5 23. gxf5 Nxe5 24. Rxg7 Ke7 25. b3 Rc6 26. a4 Rhc8 27. Rg3 Rb8 28. Rd5 Kf6 29. Rh3 Ng4 30. Rh5 Ke7 31. Rb5 Rd8 32. Rh3 Nf2 33. Rf3 Rd1+ 34. Kb2 Rd2 35. Ka3 Rcxc2 36. f6+ Ke6 37. Kb4 Rc6 38. Rd5 Nxe4 39. Rxd2 Nxd2 40. Re3+ Kxf6 41. a5 Kg5 42. Kb5 Rc8 43. a6 f5 44. a7 f4 45. Rd3 Nf1 46. Ka6 Nxh2 47. Rh3 Ng4 48. b4 Ne5 49. b5 Nd7 50. Kb7 Rf8 51. Rc3 Kg4 52. Rc7 f3 53. Rxd7 f2 54. Rd1 h5 55. a8Q Rxa8 56. Kxa8 Kf3 57. b6 Ke2 58. Rh1 f1Q 59. Rxf1 Kxf1 60. b7 1-0

[Event "Qatar Masters op"]
[Site "Doha"]
[Date "2023.10.13"]
[Round "3"]
[White "Maghsoodloo, Parham"]
[Black "Lagunow, Raphael"]
[Result "1-0"]
[WhiteElo "2707"]
[BlackElo "2425"]
[PlyCount "89"]
[EventDate "2023.10.11"]
[EventType "swiss"]
[EventRounds "9"]
[EventCountry "QAT"]
[SourceTitle "EXT 2025"]
[Source "ChessBase"]
[SourceDate "2024.10.14"]
[SourceVersion "1"]
[SourceVersionDate "2024.10.14"]
[SourceQuality "1"]

1. c4 c6 2. d4 d5 3. Nf3 Nf6 4. e3 Bf5 5. Nc3 e6 6. Nh4 Be4 7. f3 Bg6 8. Bd2 Be7 9. Nxg6 hxg6 10. Qc2 Nbd7 11. 0-0-0 dxc4 12. Bxc4 b5 13. Be2 a6 14. Kb1 c5 15. d5 exd5 16. Bc1 Nb6 17. g4 d4 18. exd4 c4 19. d5 Bd6 20. g5 Nh5 21. f4 Qd7 22. Rhg1 Kf8 23. Ne4 Re8 24. Bg4 Qe7 25. Rge1 Rd8 26. Bxh5 gxh5 27. g6 fxg6 28. f5 gxf5 29. Ng5 Qd7 30. Ne6+ Kg8 31. Nxd8 Qxd8 32. Qxf5 c3 33. Qg6 Qf6 34. Qxf6 gxf6 35. Re6 Nc8 36. Rxf6 Kg7 37. Rf2 Rf8 38. Rg1+ Kh7 39. Rxf8 Bxf8 40. bxc3 Nb6 41. Rg5 h4 42. Bf4 Nc4 43. Kc2 Be7 44. Rg4 Nb6 45. d6 1-0

[Event "World-chT Rapid"]
[Site "Duesseldorf"]
[Date "2023.08.26"]
[Round "4.8"]
[White "Ermitsch, Magnus"]
[Black "Lagunow, Raphael"]
[Result "1-0"]
[WhiteElo "2221"]
[BlackElo "2413"]
[PlyCount "121"]
[EventDate "2023.08.26"]
[EventType "team-swiss (rapid)"]
[EventRounds "12"]
[EventCountry "GER"]
[SourceTitle "CBM 215 Extra"]
[Source "ChessBase"]
[SourceDate "2023.09.30"]
[SourceVersion "1"]
[SourceVersionDate "2023.09.30"]
[SourceQuality "1"]
[WhiteTeam "Kiel Doppelbauer"]
[BlackTeam "Berlin Chess Federation"]
[WhiteTeamCountry "GER"]
[BlackTeamCountry "GER"]

1. e4 c6 2. Nf3 d5 3. Nc3 dxe4 4. Nxe4 Nf6 5. Qe2 Nxe4 6. Qxe4 Nd7 7. Bc4 Nf6 8. Ne5 e6 9. Qe2 b5 10. Bd3 Qc7 11. a4 Bd6 12. Nxc6 b4 13. Nd4 a6 14. Nf5 Bb7 15. Nxg7+ Kf8 16. Nh5 Nxh5 17. Qxh5 Bf4 18. Be2 Bxg2 19. Rg1 Bd5 20. d4 Bxc1 21. Rxc1 Qf4 22. Rd1 Rc8 23. Rg4 Qf6 24. Rd2 a5 25. Qe5 Qxe5 26. dxe5 Ke7 27. Rf4 h5 28. Bf3 Bxf3 29. Rxf3 Rc5 30. Re3 Rg8 31. c3 bxc3 32. bxc3 Rg1+ 33. Ke2 Rg5 34. f4 Rg2+ 35. Ke1 Rxd2 36. Kxd2 Rc4 37. Kd3 Rxa4 38. Rf3 h4 39. Rf2 Kf8 40. c4 Ra1 41. Kd4 a4 42. Kc5 Ke7 43. Kc6 a3 44. c5 a2 45. Rc2 Kd8 46. Rf2 h3 47. Rc2 Ke7 48. Kc7 f6 49. c6 fxe5 50. fxe5 Rg1 51. Rxa2 Rg2 52. Ra7 Rxh2 53. Kb8+ Kf8 54. c7 Rb2+ 55. Rb7 Rc2 56. c8Q+ Rxc8+ 57. Kxc8 Kg8 58. Rb3 Kg7 59. Rxh3 Kg6 60. Kd7 Kf5 61. Kd6 1-0

[Event "World-chT Rapid"]
[Site "Duesseldorf"]
[Date "2023.08.26"]
[Round "1.11"]
[White "Moreby, James"]
[Black "Lagunow, Raphael"]
[Result "1/2-1/2"]
[WhiteElo "2279"]
[BlackElo "2413"]
[PlyCount "132"]
[EventDate "2023.08.26"]
[EventType "team-swiss (rapid)"]
[EventRounds "12"]
[EventCountry "GER"]
[SourceTitle "CBM 215 Extra"]
[Source "ChessBase"]
[SourceDate "2023.09.30"]
[SourceVersion "1"]
[SourceVersionDate "2023.09.30"]
[SourceQuality "1"]
[WhiteTeam "The Sharks"]
[BlackTeam "Berlin Chess Federation"]
[WhiteTeamCountry "ENG"]
[BlackTeamCountry "GER"]

1. c4 Nf6 2. Nc3 g6 3. e4 d6 4. d4 Bg7 5. Be2 0-0 6. Be3 e5 7. d5 a5 8. g4 Na6 9. h4 Nc5 10. f3 h5 11. g5 Nh7 12. Qd2 f6 13. gxf6 Bxf6 14. 0-0-0 Bd7 15. Nh3 Kh8 16. Rdg1 Rg8 17. Ng5 Qe7 18. Rg2 Raf8 19. Rhg1 Nxg5 20. hxg5 Bg7 21. Rh1 Be8 22. Kb1 Kh7 23. Nd1 b6 24. Nf2 Rf4 25. Ng4 Qxg5 26. Rgg1 Rgf8 27. Nf2 Qf6 28. Nh3 Kh8 29. Rd1 g5 30. Rdg1 g4 31. fxg4 Nxe4 32. Qc1 Bg6 33. Ka1 a4 34. gxh5 Bh7 35. Bd3 a3 36. Rxg7 Qxg7 37. Rg1 Qf6 38. Bxe4 Rxe4 39. Ng5 axb2+ 40. Kxb2 Rh4 41. Ne6 Rg8 42. Rf1 Rh2+ 43. Kb3 Qh4 44. Bg5 Qg3+ 45. Kb4 Rxg5 46. Nxg5 Rxh5 47. Nf7+ Kg7 48. Rg1 Qxg1 49. Qxg1+ Kxf7 50. Qg4 Rf5 51. Qh4 Kg6 52. Qg4+ Kh6 53. Qh4+ Kg7 54. Qe7+ Rf7 55. Qg5+ Bg6 56. a4 Rf6 57. Kb5 Rf5 58. Qe7+ Rf7 59. Qg5 Rf5 60. Qe7+ Rf7 61. Qg5 Kh7 62. Qh4+ Kg7 63. Qg5 e4 64. Kc6 Rf5 65. Qe7+ Rf7 66. Qg5 Rf5 1/2-1/2

[Event "GER-ch 94th"]
[Site "Ostfildern"]
[Date "2023.08.20"]
[Round "9"]
[White "Lagunow, Raphael"]
[Black "Koelle, Tobias"]
[Result "1/2-1/2"]
[WhiteElo "2413"]
[BlackElo "2438"]
[PlyCount "64"]
[EventDate "2023.08.14"]
[EventType "swiss"]
[EventRounds "9"]
[EventCountry "GER"]
[SourceTitle "CBM 215 Extra"]
[Source "ChessBase"]
[SourceDate "2023.09.30"]
[SourceVersion "1"]
[SourceVersionDate "2023.09.30"]
[SourceQuality "1"]

1. e4 c5 2. c3 Nf6 3. e5 Nd5 4. Nf3 d6 5. Bb5+ Bd7 6. Bc4 e6 7. d4 cxd4 8. Bxd5 exd5 9. 0-0 dxe5 10. Nxe5 Be6 11. cxd4 Bd6 12. Nc3 0-0 13. Bf4 Bxe5 14. Bxe5 Nc6 15. Re1 Qd7 16. Qd2 Ne7 17. Nd1 Rac8 18. Ne3 f6 19. Bg3 Nf5 20. Nxf5 Bxf5 21. Rac1 Rxc1 22. Rxc1 Rc8 23. Rxc8+ Qxc8 24. Qc3 Qxc3 25. bxc3 Kf7 26. Bb8 a6 27. Kf1 Ke6 28. Ke2 Bg6 29. Kd2 Bf5 30. Ke2 Bg6 31. Kd2 Bf5 32. Ke2 Bg6 1/2-1/2

[Event "Berlin Teschner Memorial"]
[Site "Berlin"]
[Date "2023.05.21"]
[Round "7"]
[White "Lagunow, Raphael"]
[Black "Wachinger, Nikolas"]
[Result "1/2-1/2"]
[WhiteElo "2414"]
[BlackElo "2439"]
[PlyCount "133"]
[EventDate "2023.05.18"]
[EventType "swiss"]
[EventRounds "7"]
[EventCountry "GER"]
[SourceTitle "CBM 214 Extra"]
[Source "ChessBase"]
[SourceDate "2023.07.31"]
[SourceVersion "1"]
[SourceVersionDate "2023.07.31"]
[SourceQuality "1"]

1. e4 c5 2. Nf3 d6 3. d4 cxd4 4. Nxd4 Nf6 5. Nc3 Nc6 6. Bg5 Bd7 7. Qd2 a6 8. 0-0-0 e6 9. f3 Nxd4 10. Qxd4 Bc6 11. Kb1 h6 12. Be3 d5 13. e5 Nd7 14. f4 g5 15. Be2 Bc5 16. Qd3 Bxe3 17. Qxe3 gxf4 18. Qxf4 Qg5 19. Qf2 Nxe5 20. h4 Qg7 21. Qd4 Rg8 22. Rhe1 Nd7 23. Qe3 0-0-0 24. g4 Qe5 25. Qxh6 d4 26. Bd3 Qf6 27. Qxf6 Nxf6 28. g5 dxc3 29. gxf6 Bf3 30. Rc1 cxb2 31. Kxb2 Rd4 32. Rg1 Rh8 33. Rcf1 Bh5 34. Kc3 Rhd8 35. Rh1 Rg4 36. Rh2 Rdd4 37. Be2 Rxh4 38. Rfh1 Bxe2 39. Rxh4 Rxh4 40. Rxh4 Kd7 41. Rh7 Ke8 42. Kd4 Bd1 43. c3 Bc2 44. Rh8+ Kd7 45. Ke5 Bb1 46. Rf8 Bg6 47. Rb8 Kc7 48. Rh8 Kd7 49. Rh2 Kc7 50. Rd2 Bf5 51. Kf4 Bg6 52. Ke5 Bf5 53. Kf4 Bg6 54. Kg5 e5 55. Kh6 Bf5 56. Rd5 Be6 57. Rxe5 Bxa2 58. Re7+ Kc6 59. Kg7 a5 60. Rxf7 Bxf7 61. Kxf7 a4 62. Ke6 a3 63. f7 a2 64. f8Q a1Q 65. Qd6+ Kb5 66. Qb4+ Ka6 67. Qc4+ 1/2-1/2

[Event "Berlin-ch"]
[Site "Berlin"]
[Date "2023.04.15"]
[Round "8"]
[White "Lagunow, Raphael"]
[Black "Von Herman, Ulf"]
[Result "1/2-1/2"]
[WhiteElo "2410"]
[BlackElo "2332"]
[PlyCount "71"]
[EventDate "2023.04.08"]
[EventType "swiss"]
[EventRounds "9"]
[EventCountry "GER"]
[SourceTitle "CBM 213 Extra"]
[Source "ChessBase"]
[SourceDate "2023.05.31"]
[SourceVersion "1"]
[SourceVersionDate "2023.05.31"]
[SourceQuality "1"]

1. e4 c6 2. Nc3 d5 3. Nf3 g6 4. d4 Bg7 5. h3 dxe4 6. Nxe4 Nf6 7. Nc5 0-0 8. Bc4 Nbd7 9. Nxd7 Nxd7 10. 0-0 c5 11. c3 cxd4 12. Nxd4 Qc7 13. Qe2 a6 14. a4 Nc5 15. a5 e5 16. Nf3 Be6 17. Bxe6 Nxe6 18. Re1 Nc5 19. Qc4 Rac8 20. Be3 Rfe8 21. Rad1 e4 22. Ng5 Nd3 23. Qxc7 Rxc7 24. Bb6 Rce7 25. Rxe4 Rxe4 26. Nxe4 Nxb2 27. Rd7 Nc4 28. f3 f5 29. Nc5 Bxc3 30. Nxb7 Re1+ 31. Kf2 Ra1 32. Rd8+ Kf7 33. Rd7+ Kg8 34. Rd8+ Kf7 35. Rd7+ Kg8 36. Rd8+ 1/2-1/2